000 013610000a22002770004500
003 EG-GICUC
005 20250223025249.0
008 080508s2003 ua f m 000 0 ara d
040 _aEG-GICUC
_bara
_cEG-GICUC
041 0 _aara
049 _aاهداء
097 _aماجستير
099 _aCai01.05.07.M.Sc.2003.طل.ت
100 0 _aطلال فهد الاحمد الجابر الصباح
245 1 2 _aالتكتل الاقليمى وازمة الخليج الثانية 1990 - 1991 :
_bدراسة حالة فى مجلس التعاون الخليجى /
_cطلال فهد الاحمد الجابر الصباح ؛ اشراف احمد امين عامر : عبدالله سيد هديه
246 1 5 _aRegional block an the gulf second crisis 1990 - 1991 :
_bA case study of the gulf cooperation council G.C.C
260 _aبورسعيد :
_bطلال فهد الاحمد الجابر الصباح :
_c2003
300 _a316 ص ؛
_c25سم
502 _aاطروحة (ماجستير) - جامعة قناة السويس - كلية التجارة ببورسعيد - قسم العلوم السياسية
700 0 _aاحمد امين عامر :
_eمشرف
700 0 _aعبدالله سيد هديه :
_eمشرف
856 _uhttp://172.23.153.220/th.pdf
905 _aMustafa
_eRevisor
905 _aSamia
_eCataloger
942 _2ddc
_cTH
999 _c9208
_d9208